Представление документа в формате MARC21

Поле Инд. ПП Название Значение
Тип записи a
Библиографический уровень a
001 Контрольный номер d8a325547a9341c4aee74d94104eaed8
005 Дата корректировки 20180409143750.5
020 a ISBN 978-5-7609-0971-8
040 a Служба первич. каталог. НБ ТвГУ
b Код языка каталог. rus
e Правила каталог. PSBO
041 0_ a Код языка текста rus
097 b Оператор batjaeva_g
245 10 a Заглавие Исследование электрофизических свойств свинцово-силикатного стекла С87-2
260 a Место издания Тверь
b Издательство Тверской государственный университет
504 a Библиография Библиогр.: с. 142-143 (8 назв.)
520 0_ a Аннотация Экспериментально исследованы температурная зависимость и кинетика электропроводности свинцово-силикатного стекла С87-2. Установлено влияние массопереноса под действием электрического поля на электропроводность. Проведена оценка зависимости размера нанокристаллов от времени изотермического отжига.
653 0_ a Ключевые слова Структурные превращения
a Ключевые слова Удельная электропроводимость
a Ключевые слова Фазообразование
a Ключевые слова Энергия активизации проводимости
700 12 a Другие авторы Кармоков Ахмед Мацевич
q Полное имя Кармоков А. М.
700 12 a Другие авторы Молоканов Олег Артемович
q Полное имя Молоканов О. А.
700 12 a Другие авторы Молоканова Ольга Олеговна
q Полное имя Молоканова О. О.
700 12 a Другие авторы Шомахов Замир Валериевич
q Полное имя Шомахов З. В.
773 18 w Контрольный № источника 9994464931ab44c0bbc2935be4440591
t Название источника Физико-химические аспекты изучения кластеров, наноструктур и наноматериалов
d Место и дата издания Тверь : Тверской государственный университет, 2014
g Прочая информация Вып. 6. - С. 138-143
856 40 u URL http://texts.lib.tversu.ru/texts/11589t.pdf
x Примечание для ЭОР Справка УИС 2016
i Дата подключения ЭОР 20170414
x Примечание для ЭОР Реестр суммарного учета сетевых локальных документов
900 a Имя макрообъекта 11589t
901 t Тип документа a
920 a Оператор Батя